| 000 | 01323nam a22002177a 4500 | ||
|---|---|---|---|
| 999 |
_c19092 _d19092 |
||
| 005 | 20251125232913.0 | ||
| 008 | s2546 th tha d | ||
| 040 | _aNALT | ||
| 041 | _atha | ||
| 100 | 0 | _aสมคิด เลิศไพฑูรย์ | |
| 245 | 1 | 0 | _aการปรับปรุงกฎหมายกระจายอำนาจให้แก่องค์กรปกครองส่วนท้องถิ่น |
| 260 | 3 |
_aกรุงเทพฯ : _bศูนย์ศึกษาการพัฒนาประชาธิปไตย มหาวิทยาลัยธรรมศาสตร์, _c2546 |
|
| 300 |
_a140 หน้า ; _b 29 ซม. |
||
| 650 | 0 | 4 | _aองค์กรปกครองส่วนท้องถิ่น -- กฎหมายและระเบียบข้อบังคับ |
| 650 | 0 | 4 | _aการกระจายอำนาจ -- องค์กรปกครองส่วนท้องถิ่น -- กฎหมายและระเบียบข้อบังคับ |
| 850 | _aNALT | ||
| 856 | 4 | 0 |
_uhttps://hdl.handle.net/20.500.14156/302636 _71 |
| 942 |
_cLB _2lcc _011 |
||
| 998 |
_j111 _k นางสาวพจพิณ พรมเอี่ยม |
||
| 090 | _aKE91 ธ361ก 2546 | ||